COBERT'S MANUAL OF DRUG SAFETY AND PHARMACOVIGILANCE (Record no. 23498)

MARC details
000 -LEADER
fixed length control field 00380nam a22001577a 4500
003 - CONTROL NUMBER IDENTIFIER
control field SGT
020 ## - INTERNATIONAL STANDARD BOOK NUMBER
International Standard Book Number 9780000988331
082 ## - DEWEY DECIMAL CLASSIFICATION NUMBER
Classification number 615.704
Item number C20C
100 ## - MAIN ENTRY--PERSONAL NAME
Personal name COBERT, BARTON
245 ## - TITLE STATEMENT
Title COBERT'S MANUAL OF DRUG SAFETY AND PHARMACOVIGILANCE
250 ## - EDITION STATEMENT
Edition statement 3RD
260 ## - PUBLICATION, DISTRIBUTION, ETC. (IMPRINT)
Place of publication, distribution, etc NEW GERSY
Name of publisher, distributor, etc WORLD SCIENTIFIC
Year of Publication 2020
300 ## - PAGE DESCRIPTION
No. of Pages 494
650 ## - SUBJECT ADDED ENTRY--TOPICAL TERM
Topical term or geographic name as entry element pHARMACOVIGILANCE
942 ## - ADDED ENTRY ELEMENTS (KOHA)
Source of classification or shelving scheme Dewey Decimal Classification
Koha item type Books
Holdings
Withdrawn status Lost status Source of classification or shelving scheme Damaged status Use restrictions Not for loan Collection code Home library Current library Shelving location Date acquired Vendor Name Cost, normal purchase price SGTU Bill Number Full call number Accession No. (Barcode) Date last seen Bill Date Koha item type
    Dewey Decimal Classification   Restricted Access   PHARMACY SGT FA-FP Library SGT FA-FP Library Reference Book 26/11/2022 AHUJA PUBLICATION 2995.00 SGTU 15336 615.704 C20C FP4601 26/11/2022 11/11/2022 Books